السيطرة / (رقم التسجيلة. 89274)

تفاصيل مارك
000 -LEADER
fixed length control field 00627nam a22002177a 4500
005 - DATE AND TIME OF LATEST TRANSACTION
control field 20251108172823.0
008 - FIXED-LENGTH DATA ELEMENTS--GENERAL INFORMATION
fixed length control field 250721s2005 xx 000 0 ara d
082 14 - DEWEY DECIMAL CLASSIFICATION NUMBER
Classification number 621.381/فار
100 1# - MAIN ENTRY--PERSONAL NAME
Personal name فارس، ضياء مهدي
245 10 - TITLE STATEMENT
Title السيطرة /
246 11 - VARYING FORM OF TITLE
Title proper/short title control
264 1# - PRODUCTION, PUBLICATION, DISTRIBUTION, MANUFACTURE, AND COPYRIGHT NOTICE
Place of production, publication, distribution, manufacture عمان :
Name of producer, publisher, distributor, manufacturer دار اليازوري للنشر والتوزيع،
Date of production, publication, distribution, manufacture, or copyright notice 2005.
300 ## - PHYSICAL DESCRIPTION
Extent 292 ص.
650 17 - SUBJECT ADDED ENTRY--TOPICAL TERM
Topical term or geographic name as entry element الإلكترونيات
650 17 - SUBJECT ADDED ENTRY--TOPICAL TERM
Topical term or geographic name as entry element الأجهزة
650 17 - SUBJECT ADDED ENTRY--TOPICAL TERM
Topical term or geographic name as entry element التحكم
700 1# - ADDED ENTRY--PERSONAL NAME
Personal name موسى، عبد الله محمد
700 1# - ADDED ENTRY--PERSONAL NAME
Personal name ابراهيم، يوسف
942 ## - ADDED ENTRY ELEMENTS (KOHA)
Source of classification or shelving scheme Dewey Decimal Classification
Koha item type كتب
المقتنيات
حالة السحب حالة الفقدان مصدر التصنيف حالة التلف غير قابل للإعارة المكتبة الرئيسية المكتبة الحالية موقع الرف تاريخ التزويد الرقم المتسلسل Total Checkouts رقم الإستدعاء الباركود تاريخ آخر ظهور تاريخ الفاتورة نوع المادة (كوها)
    Dewey Decimal Classification     المكتبة المركزية المكتبة المركزية الإعارة 28/07/2025 775322   621.381/فار 775322 28/07/2025 28/07/2025 كتب
    Dewey Decimal Classification     المكتبة المركزية المكتبة المركزية الإعارة 28/07/2025 775324   621.381/فار 775324 28/07/2025 28/07/2025 كتب
    Dewey Decimal Classification   Not For Loan المكتبة المركزية المكتبة المركزية مقتنيات قسم التزويد 28/07/2025 775325   621.381/فار 775325 28/07/2025 28/07/2025 كتب
    Dewey Decimal Classification     مكتبة أبو علندا العامة مكتبة أبو علندا العامة الإعارة 28/07/2025 775330   621.381/فار 775330 28/07/2025 28/07/2025 كتب
    Dewey Decimal Classification     مكتبة الأميرة ايمان العامة مكتبة الأميرة ايمان العامة الإعارة 28/07/2025 775326   621.381/فار 775326 28/07/2025 28/07/2025 كتب
    Dewey Decimal Classification     مكتبة الحسن العامة مكتبة الحسن العامة الإعارة 28/07/2025 775328   621.381/فار 775328 28/07/2025 28/07/2025 كتب
    Dewey Decimal Classification     مكتبة حمزة العامة مكتبة حمزة العامة الإعارة 28/07/2025 775329   621.381/فار 775329 28/07/2025 28/07/2025 كتب
    Dewey Decimal Classification     مكتبة صويلح العامة مكتبة صويلح العامة الإعارة 28/07/2025 775327   621.381/فار 775327 28/07/2025 28/07/2025 كتب
Implemented & Customized by: BBB with SCIT (Smart Chains for Information Technology)

Powered by Koha